Quizzes
Events
Quiz Creation
Community
Videos
Private Events
Remove Ads
Sign In
Join for FREE
Feedback
Dark Mode
Quiz Categories
Sports
Geography
Music
Movies
Television
Just For Fun
Miscellaneous
History
Literature
Language
Science
Gaming
Entertainment
Religion
Holiday
For Kids
Quiz Lab
Recent
Popular Today
Quiz Kudos Today
Editor Picks
Curator Picks
Quizzes by...
Day
Popularity
Type
Ratings
Length
Year
Community
Subscriptions
Recent Discussions
Orange Saloon
Badges
Playlists
Quests
Create
Leaderboards
Showdown
Live 5
Trivia Bingo
Activity
Puzzle Library
Sporcle Events
Private Events
Virtual Trivia
Globe League
Become a Host
Pub Owners
SporcleCon
Opinionation
Our Games
Videos
Blog
Mobile Apps
Partnerships
Remove Ads and Go Orange
Feedback
Television
TV Characters
TV Show
Sitcom
Network
Friends
Reality Shows
Cast
South Park
Star Trek
The Simpsons
Doctor Who
Television
TV Characters
TV Show
Sitcom
Network
Friends
Reality Shows
Cast
South Park
Star Trek
The Simpsons
Doctor Who
Random Quiz
Search Sporcle
×
Quiz Lab
Quiz Lab
Television
Letter
Type in answers that appear in a list
Type in answers that appear in a list
Classic
Best Score? Go Orange.
Arrested Development Alphabet Stats
Can you name the Arrested Development Alphabet?
By
huskeR32
4m
26 Questions
868 Plays
868 Plays
868 Plays
Comments
Comments
Give Quiz Kudos
Give Quiz Kudos
-
- Ratings
hide this ad
Replay
Link that replays current quiz
Next Quiz
Link to next quiz in quiz playlist
You Got
0%
They Got
Avg Score
66%
Avg Friend Score
Upgrade to see
Score Distribution
Jump to the score distribution portion of the page
Score
0/26
Timer
04:00
0
Plays Today
Clue
Answer
% Correct
Her?
Ann
97.9%
Annyong means hello in this language
Korean
88.6%
Buster's Uncle Father
Oscar
88.1%
Tobias' night club, The _
_
_
_
_
_
_
_
Mary
Queen
86.2%
The blogging lawyer
Loblaw
81.5%
Party-
planning bounty hunter
I.C.E.
80.3%
Song about George MIchael's workplace: The Big _
_
_
_
_
_
_
_
Joint
Yellow
80.1%
The Bluth's one-
time cross-
dressing maid
Featherbottom
79.4%
Bluth Company development: Sudden _
_
_
_
_
_
_
_
Valley
77.1%
The kind of mistakes G.O.B. makes
Huge
75.8%
George Michael has this in the attic
Pop Pop
74.4%
The Bluth's lawyer
Zuckerkorn
74.1%
Motherboy 30?
XXX
72.7%
Clue
Answer
% Correct
Business idea of Mr. Funke and Mr. Bluth II
Gobias
72.6%
Mr. F
Rita
72.2%
You can always tell a _
_
_
_
_
_
_
Man
Milford
69.5%
George Sr.'s lesson teacher
Weatherman
53.8%
Her again?
Egg
52.6%
There's no 'I' in it, at least not where you'd think
Teamocil
50.1%
George Sr.'s sibling rivalry video series
Boyfights
48.5%
Uncle Jack's assistant
Dragon
46.9%
Brand of clothing Maeby gifts to her mother
Shemale
46.2%
He's a pro
Jarvis
42.7%
It's what chickens don't do
Clap
40.9%
The farthest Oscar has ever made it on his Newport Beach-
Berkeley walk
UC Irvine
34.2%
Opie?
Narrator
34%
Quiz Playlist
Details
Report
Send in Message
Add To Playlist
Classic:
Type in answers that appear in a list
Last Updated: Jul 8, 2017
Quiz Scoreboard
CHALLENGE
Sign Up to Join the Scoreboard
Show All
Scores
Hide
Comments
May contain spoilers
Recently Published
An Introduction to Baseball
by treessimontrees
Sports
5m
Movies - When Are They Set?
by FPL_Elf
Movies
5m
Popular People in 1961
by mucciniale
History
6m
More to Explore
Quiz From the Vault
Featured Blog Post
Where Did the Easter Bunny Come From?
hide this ad
You Might Also Like...
Tags
Alphabet Quiz
Letter Quiz
Arrested
Arrested Development
Development
Today's Top Quizzes in Television
Browse Television
hide this ad
Today's Top Quizzes in Letter
Browse Letter
Top Contributed Quizzes in Television
1
One Piece Logic Puzzle
2
Survivor Logic Puzzle: Heroes vs. Villains
3
5-to-1: The Simpsons Families
4
Survivor Seasons
5
Survivor Season by Logo
6
5-to-1: Television Doctors
7
7-to-1: TV Show Settings
8
One Thing in Common: Television
9
Survivor Trivia
10
5-to-1: Streaming Originals
Explore More
Trending Topics
Kpop
Crossword
Marvel
Harry Potter
Anime
Disney
NBA
Puzzle
Song
Pokémon
WWE
Soccer
Country
NFL
The Office
hide this ad
More By:
huskeR32
Quiz
Plays
Rating
Category
Featured
Created
Word Ladder: MLB
47,066
3.99
Just For Fun
Mar 31, 2011
MLB Starting Lineups by Career Records
2,393
3.80
Sports
Nov 17, 2012
Seconds Anyone?
1,262
4.00
Miscellaneous
Apr 14, 2011
TV Characters Safecracker
1,200
1.79
Television
Apr 7, 2011
Arrested Development Alphabet
868
3.73
Television
Mar 8, 2011
Go to Creator's Profile
Score Distribution
Quiz Creator Spotlight
huskeR32
Follow
Send a Message
Quizzes Created
-
Created Quiz Play Count
-
More By This Creator
Popular Quizzes Today
1
Find the Countries of Europe - No Outlines Minefield
2
Find the US States - No Outlines Minefield
3
The Countries of the World
4
Popular People in 1961
5
Find the US States
6
US States
7
1-10 Letter E Words III
8
Risky Map Clicking: Biggest States A-Z
More Television Quizzes
Real Housewives: New York or Not York?
Quiz Lab
Trending Quizzes
Risky Map Clicking: Least Populous States A-Z
1-10 Letter F Words
1-10 Letter G Words
Not Quite an Element Typing Challenge
One Thing in Common: United Kingdom
Recently Updated
Leaping Animals
pecheneg
Reality TV Shows (A-Z)
bhenderson79
Rickey Henderson's Hall of Fame Teammates
pecheneg
Champions League XIs: Arsenal
pecheneg
Quick Pick: Celebrities in WWE's Hall of Fame
aduchscher
A-Z Keypad Blitz II
pecheneg
Multiple Oscar Actors
pecheneg
Mystery Phrase Blitz: Oscar 'Best Actors'
pecheneg
F. Scott Fitzgerald Novels
LTH
Pick 3 Villains
ddd62291
Trending Topics
Kpop
Anime
Harry Potter
Crossword
Disney
NBA
Marvel
Country
Puzzle
NFL
WWE
The Office
Pokémon
Song
Soccer
Your Account Isn't Verified!
In order to create a playlist on Sporcle, you need to verify the email address you used during registration. Go to your
Sporcle Settings
to finish the process.
Report this User
Report this user for behavior that violates our
Community Guidelines
.
Details:
Send Report
Go to the Sporcle.com Mobile Site →
Comments